| 000 | 01169nam2a22002411 4500 | ||
|---|---|---|---|
| 001 | RU\NLR\INFOCOMM18\1000119318 | ||
| 005 | 20250617132717.0 | ||
| 035 | _a(NLR Aleph) 002630555 | ||
| 090 |
_a3696944 _c3696944 |
||
| 100 | _a20040922d1978 |||y0rusy50 ca | ||
| 101 | 0 | _arus | |
| 102 | _aRU | ||
| 105 | _ay ||||||||| | ||
| 200 | 1 | _aПрогноз научно-технического развития Японии до 2005 года на основе метода экспертных оценок "Дельфи" | |
| 210 |
_d1978 _aБ. м. |
||
| 461 | 0 |
_1001RU\NLR\INFOCOMM18\1000119281 _12001#$aПрогнозирование научно-технического прогресса за рубежом$eИнформ. бюллетень$fПредприятие п/я В-8592$v1978, №3 _93696868 _cМ. _d1971- _fПредприятие п/я В-8592 _oИнформ. бюллетень _tПрогнозирование научно-технического прогресса за рубежом _v1978, №3 |
|
| 801 | 1 |
_aRU _bInfoComm _c20040922 |
|
| 801 | 0 |
_aRU _bNLR _gPSBO |
|
| 852 |
_aNLR _jП22/3248 |
||
| 942 | _cISSUE | ||
| 980 | _aNB | ||
| 980 | _aRUSPER | ||